LEADER 01004nam0-2200337---450- 001 990008471590403321 005 20090112123332.0 035 $a000847159 035 $aFED01000847159 035 $a(Aleph)000847159FED01 035 $a000847159 100 $a20070220d1951----km-y0itay50------ba 101 0 $aeng 102 $aUS 105 $a----a---001yy 200 1 $a<>English renaissance, 1510-1688$fby V. De Sola Pinto$gwith a chapter on literature and music by Bruce Pattison 205 $a2nd ed. 210 $aNew York$cDover publications$d1951 215 $a381 p.$d21 cm 225 1 $aIntroductions to English literature$v2 610 0 $aLetteratura inglese$aSec. 16.-17. 676 $a820.3 700 1$aPinto,$bVivian de Sola$0191453 702 1$aPattison,$bBruce 801 0$aIT$bUNINA$gRICA$2UNIMARC 901 $aBK 912 $a990008471590403321 952 $a820.3 PIN 1$fFLFBC 959 $aFLFBC 996 $aEnglish renaissance, 1510-1688$9729764 997 $aUNINA LEADER 01993nam0 22004693i 450 001 VAN0193045 005 20230613111507.299 017 70$2N$a9783319674865 100 $a20210726d2017 |0itac50 ba 101 $aeng 102 $aCH 105 $a|||| ||||| 200 1 $aˆThe ‰Dark Arrow of Time$ea Scientific Novel$fMassimo Villata 210 $aCham$cSpringer$d2017 215 $av, 163 p.$d24 cm 410 1$1001VAN0112268$12001 $aScience and Fiction$1210 $aCham [etc.]$cSpringer$d2014- 500 1$3VAN0193046$aˆLa ‰freccia oscura del tempo$91835171 606 $a00A79 (77-XX)$xPhysics [MSC 2020]$3VANC023182$2MF 606 $a81V35$xNuclear physics [MSC 2020]$3VANC023270$2MF 606 $a00-XX$xGeneral and overarching topics; collections [MSC 2020]$3VANC025238$2MF 606 $a81Txx$xQuantum field theory; related classical field theories [MSC 2020]$3VANC027580$2MF 610 $aAntimatter science fiction book$9KW:K 610 $aAntiparticles$9KW:K 610 $aCPT symmetry$9KW:K 610 $aExoplanets$9KW:K 610 $aFeynman diagrams$9KW:K 610 $aGenetic engineering$9KW:K 610 $aInterplanetary Travel$9KW:K 610 $aTeleportation$9KW:K 610 $aTime travel$9KW:K 620 $aCH$dCham$3VANL001889 700 1$aVillata$bMassimo$3VANV170910$0825039 712 $aSpringer $3VANV108073$4650 790 1$aWells, Max$zVillata, Massimo$3VANV170912 801 $aIT$bSOL$c20240614$gRICA 856 4 $uhttp://doi.org/10.1007/978-3-319-67486-5$zE-book ? Accesso al full-text attraverso riconoscimento IP di Ateneo, proxy e/o Shibboleth 899 $aBIBLIOTECA DEL DIPARTIMENTO DI MATEMATICA E FISICA$1IT-CE0120$2VAN08 912 $fN 912 $aVAN0193045 950 $aBIBLIOTECA DEL DIPARTIMENTO DI MATEMATICA E FISICA$d08CONS e-book 3303 $e08eMF3303 20210726 996 $aFreccia oscura del tempo$91835171 997 $aUNICAMPANIA